Boletn̕ ONBC Revista Abogaca̕

Detalles Bibliográficos
Formato: eBook
Lenguaje:español
Publicado: La Habana: Organizacin̤ Nacional de Bufetes Colectivos, 2019 -
Materias:
Acceso en línea:Acceso restringido

MARC

LEADER 00000nam a22000007a 4500
005 20220523233633.0
007 cr|||| |||
008 220523c20199999cu fr|w s|||| 0|||b1spa d
035 |a 36415 
040 |a vLex 
090 |c 13393  |d 13393 
245 0 0 |a Boletn̕ ONBC  |h [Recurso electrn̤ico] :  |b Revista Abogaca̕ 
256 |a Servicio en ln̕ea 
260 |a La Habana:  |b Organizacin̤ Nacional de Bufetes Colectivos,  |c 2019 - 
300 |a 1 recurso electrn̤ico 
310 |a Semestral 
506 1 |a Disponible solo en los productos indicados  |d vLex Global  |d vLex Global (Academic Edition, excluding Law Schools)  |d vLex Global (U.S. Academic Edition, Law Schools)  |d vLex Global (U.S. Academic Edition, excluding Law Schools)  |d vLex Global (Academic Edition, Law Schools) 
650 0 4 |a Derecho Civil  |z Cuba 
650 0 4 |a Abogados  |z Cuba 
650 0 4 |a Derecho Mercantil y de la Empresa  |z Cuba 
650 0 4 |a Derecho Laboral y Seguridad Social  |z Cuba 
650 0 4 |a Derecho Penal  |z Cuba 
650 0 4 |a Derecho Constitucional  |z Cuba 
650 0 4 |a Derecho Procesal  |z Cuba 
740 0 |a vLex Revistas (Servicio en ln̕ea) 
856 4 0 |u https://app.vlex.com/#/sources/36415  |z Acceso restringido 
942 |c REV 
999 0 |a Civil Law 
999 0 |a Lawyers 
999 0 |a Commercial and Company Law 
999 0 |a Labor Law and Social Security 
999 0 |a Criminal Law 
999 0 |a Constitutional Law 
999 0 |a Procedural Law